| 000 | 00683nam a2200265Ia 4500 | ||
|---|---|---|---|
| 008 | 190123s9999 xx 000 0 und d | ||
| 020 | _a9780531120781 | ||
| 050 | _bT265 2008 | ||
| 100 | _aTeitelbaum, Michael | ||
| 245 | 0 | _aBigfoot caught on film : | |
| 245 | 4 | _band other monster sightings / | |
| 245 | 0 | _cby Micheal Teitelbaum. | |
| 260 | _aNew York, New York : | ||
| 260 | _bScholastic, | ||
| 260 | _c2008 | ||
| 300 | _a64 pages : | ||
| 300 | _bcolored illustrations ; | ||
| 300 | _c23cm. | ||
| 440 | _a24/7 science behind the scene : mystery files. | ||
| 500 | _a770L | ||
| 650 | _aSasquatch. | ||
| 650 | _aYeti. | ||
| 700 | _aSeries. | ||
| 700 | _aTitle. | ||
| 999 |
_c361163 _d361163 |
||